Náklady na kvalitu očami zákazníka
Jednou z možností získavania informácií pri orientácii na zákazníka je sledovanie nákladov na životný cyklus produktu aj prostredníctvom zákazníka. Životný cyklus produktu. Životný cyklus produktu a zákazník. Význam nákladov na životný cyklus produktu pre zákazníka.
Saved in:
| Main Author: | |
|---|---|
| Other Authors: | |
| Format: | Book Chapter |
| Language: | Slovak |
| Subjects: | |
| Tags: |
No Tags, Be the first to tag this record!
|
MARC
| LEADER | 00000naa$a2200000$$$4500 | ||
|---|---|---|---|
| 001 | 0002152 | ||
| 005 | 20231002121838.4 | ||
| 041 | 0 | |a slo | |
| 044 | |a SK | ||
| 245 | 1 | 0 | |a Náklady na kvalitu očami zákazníka |c aut. Jaroslava Bušfyová, Viera Čavrková |
| 520 | |a Jednou z možností získavania informácií pri orientácii na zákazníka je sledovanie nákladov na životný cyklus produktu aj prostredníctvom zákazníka. Životný cyklus produktu. Životný cyklus produktu a zákazník. Význam nákladov na životný cyklus produktu pre zákazníka. | ||
| 610 | 2 | 0 | |a normy kvality |
| 610 | 2 | 0 | |a zákazníci |
| 610 | 2 | 0 | |a náklady |
| 610 | 2 | 0 | |a cyklus výrobku životný |
| 100 | 1 | |a Bušfyová, Jaroslava | |
| 700 | 1 | |a Čavrková, Viera | |